Guess the Football Club Part 3 - Statistics

General Stats
  • This quiz has been taken 754 times
  • The average score is 13 of 24
Answer Stats
Picture Answer % Correct
Aston Villa
96%
Celtic FC
88%
Atalanta Bergamasca
87%
Leeds United
80%
Rangers FC
80%
Burnley
79%
GNK Dinamo Zagreb
79%
Swansea City
78%
Beşiktaş JK
74%
RSC Anderlecht
65%
Sparta Praha
62%
Blackburn Rovers
60%
LA Galaxy
48%
Panathinaikos
48%
Clube Atlético Mineiro
39%
FCSB
33%
Greuther Fürth / Shamrock Rovers
32%
CA Independiente
31%
Atlético Nacional
30%
Grasshopper Club Zürich
29%
FK Partizan
27%
Montreal Impact
23%
Atlas Fútbol Club
22%
Stade Rennais
14%
No matching quizzes found
Score Distribution
Percent of People with Each Score
Percentile by Number Answered
Your Score History
You have not taken this quiz